Milosrdný Samaritán Lukáš 10, 25-37

Bibliographic Details
Other Authors: Bakalár, Ján (Translator)
Format: Book
Language:Slovak
German
PhysicalDescription:12 s. fareb. ilustr. 10 cm
Published: Banská Bystrica Slovenská biblická spoločnosť c1997
ISBN:8085486245
Subjects:

MARC

LEADER 00000cam a2200000 a 4500
001 vtls001372369
003 SK-MaSNL
005 20260301141414.0
008 200115s1997 xo a g 00000 slo
015 |a SNBA1999/12-04475 
020 |a 8085486245 
035 |a SNK000326219 
035 |a urn:nbn:sk:snk-am3hpfp 
035 |a F8C3A68E-FA91-4ACB-8FA7-309F8B8CB9FD 
035 |a urn:nbn:sk:snk-am00cu7w 
040 |a SNK  |b slo  |c SNK  |e AACR2 
041 1 |a slo  |h ger 
044 |a xo  |c SK 
080 |a 226  |2 1981 
245 0 0 |a Milosrdný Samaritán  |b Lukáš 10, 25-37  |c [z nemčiny preložil Ján Bakalár] 
260 |a Banská Bystrica  |b Slovenská biblická spoločnosť  |c c1997 
300 |a 12 s.  |b fareb. ilustr.  |c 10 cm 
500 |a Údaj o prekl. prevzatý z front. 
650 0 7 |a biblické príbehy  |2 SNKPH  |9 1916 
655 7 |a úvahy  |2 SNKPH  |9 29403 
700 1 |a Bakalár, Ján  |4 trl  |9 16253 
919 |a 80-85486-24-5 
958 |a TL 
958 |a OP 
958 |a BQ 
958 |a NT 
999 |c 767049  |d 768979 
952 |t P60, <03>, [BOOK], {603}  |a SNK  |b SNK  |y PREZ  |7 0  |p 17A0208702  |o snkSE 9695  |i snkKSP 9179/99  |0 0  |1 0  |4 0  |d 1999-09-16  |f 1  |l 0  |r 2005-01-02 00:00:00  |w 2026-02-24 
952 |t P60, <04>, [BOOK], {604}  |a SNK  |b SNK  |y VYP  |7 0  |p 17A0208703  |o snkSE 9695 D1  |i snkKSP 9180/99  |0 0  |1 0  |4 0  |d 1999-09-16  |l 0  |r 2005-01-02 00:00:00  |w 2026-02-24